00874 2200313 4500001002100000005001500021035002000036007000300056008004100059040001700100100001600117245009300133250000900226300005200235020002200287041000800309082001000317084001600327090002100343260003200364600001400396700001600410850001000426990002800436990002400464990002400488990002400512990002400536INLIS00000000000266920260601081126 a0010-0620000042ta260601 0  aSBPUPADbind0 aYance Chan;1 aStay Strong :bKumpulan Cerita Inspiratif Menguatkan Kehidupan /cYance Chan;editor,Maya aEd.1 a158 hlm. :bilus. ;c21 cmeBibliografi, hlm 83 a978-979-29-6710-4 aind a158.1 a158.1 YAN s a158.1 YAN s L2-6 a--Yogyakarta :bAndi,c2017 4akehidupan aeditor,Maya aPUPAD a34.472/DAK/DPK/20192019 a34.469/DAK/DPK/2019 a34.472/DAK/DPK/2019 a34.471/DAK/DPK/2019 a34.470/DAK/DPK/2019